Poisťovníctvo a poistný trh po vstupe Slovenska do Hospodárskej a menovej únie
Poistný trh a jeho vymedzenie. Analýza vybraných ukazovateľov komerčného poistného trhu v SR za rok 2009. SR sa postupne približuje poistnému európskemu priemeru, ktorý zhruba predstavuje 61 percent v prospech životného poistenia.
Gespeichert in:
| 1. Verfasser: | |
|---|---|
| Format: | Buchkapitel |
| Sprache: | Slowakisch |
| Schlagworte: | |
| Tags: |
Keine Tags, Fügen Sie das erste Tag hinzu!
|
MARC
| LEADER | 00000nla$a2200000$$$4500 | ||
|---|---|---|---|
| 001 | 0126061 | ||
| 005 | 20240711081803.9 | ||
| 041 | 0 | |a slo | |
| 044 | |a SK | ||
| 245 | 1 | 0 | |a Poisťovníctvo a poistný trh po vstupe Slovenska do Hospodárskej a menovej únie |c Barbora Drugdová |
| 520 | |a Poistný trh a jeho vymedzenie. Analýza vybraných ukazovateľov komerčného poistného trhu v SR za rok 2009. SR sa postupne približuje poistnému európskemu priemeru, ktorý zhruba predstavuje 61 percent v prospech životného poistenia. | ||
| 610 | 2 | 0 | |a poisťovníctvo |
| 610 | 2 | 0 | |a trh poistný |
| 610 | 2 | 0 | |a poistenie neživotné |
| 610 | 2 | 0 | |a poistenie životné |
| 610 | 2 | 0 | |a Slovensko |
| 610 | 2 | 0 | |a únie hospodárske |
| 610 | 2 | 0 | |a únie menové |
| 100 | 1 | |a Drugdová, Barbora | |